000 00695nam a2200253Ia 4500
003 OSt
005 20221007112815.0
006 a|||||r|||| 00| 0
007 ta
008 221006b |||||||| |||| 00| 0 eng d
024 _a29,417
037 _cTextual
040 _aLCO
_cLCO
_beng
041 _2eng
_aeng
082 _aZ1,7,16, Q2
100 _aBansal Ashwini Kumar
_9708823
245 0 _aInternational Commercial Arbitration
250 _a1st
260 _aNew
_bDelhi Universal law Pub.Co. India
_c2012
300 _a1254
650 _aINTERNATIONAL COMMERCIAL ARBITRATION
942 _hZ1,7,16, Q2
_cTEXL
999 _c1198980
_d1198980